01483cam a2200397 a 45000010005000000030006000050050017000110080041000280100017000690200030000860200018001160400023001340420014001570500024001710820014001951000021002092450044002302500055002742600035003293000023003645050007003875200252003945210018006465210018006646500035006826500026007176500045007436500023007886500021008116500025008326510029008579060045008869420015009319990015009469520124009612417FISKH20231205113916.0111028s2012 nyu c 000 1 eng  a 2011035027 a9780803736702 (hardcover) a9780545508575 aDLCcDLCdDLCbeng alcacapcc00aPZ7.T8488bThr 201200a[Fic]2231 aTurnage, Sheila.10aThree times lucky /cby Sheila Turnage. aFirst Scholastic, paperback printing, January 2014 aNew York :bScholastic, c2012 a312 pages :c20 cm aN  aWashed ashore as a baby in tiny Tupelo Landing, North Carolina, Mo LoBeau, now eleven, and her best friend Dale turn detective when the amnesiac Colonel, owner of a café and co-parent of Mo with his cook, Miss Lana, seems implicated in a murder.8 a560 bLexile 8 aN bRaz-Plus  1aMystery and detective stories. 1aRestaurantsvFiction. 1aCommunity lifezNorth CarolinavFiction. 1aIdentityvFiction. 1aMurdervFiction. 1aFoundlingsvFiction. 1aNorth CarolinavFiction. a7bcbccorignewd1eecipf20gy-gencatlg 2ddccBKn0 c2417d2417 00102ddc40708FICa001b001cTKSFd2023-12-04l0oTUR Fic PZ7.T8488pFISSE01241r2023-12-04 11:01:25w2023-12-04yBK